Vznik a výskyt karcinogénnych látok v potravinách
Uložené v:
| Hlavný autor: | |
|---|---|
| Ďalší autori: | |
| Médium: | Rukopis Kniha |
| Jazyk: | Slovak |
| Vydavateľské údaje: |
2018
|
| Predmet: | |
| On-line prístup: | http://is.stuba.sk/zp/portal_zp.pl?podrobnosti=132736 |
| Tagy: |
Žiadne tagy, Buďte prvý, kto otaguje tento záznam!
|
MARC
| LEADER | 00000ntm a22000003a 4500 | ||
|---|---|---|---|
| 001 | stuzp70051 | ||
| 003 | SK-STU | ||
| 005 | 20180623211344.9 | ||
| 007 | ta | ||
| 008 | 150427s2015----xo-----f-mn---000-0-slo-d | ||
| 040 | |a STU |b slo | ||
| 041 | 0 | |a slo | |
| 100 | 1 | |a Kopcová, Bibiána |u 040200 |4 aut |U FCHPT Fakulta chemickej a potravinárskej technológie |T FCHPT Ústav potravinárstva a výživy |X 70758 |U C020 |Y 684 |7 70758 | |
| 242 | 0 | 1 | |a Formation and occurrence of carcinogenic compounds in foods |y eng |
| 245 | 1 | 0 | |a Vznik a výskyt karcinogénnych látok v potravinách |
| 260 | |c 2018 | ||
| 650 | 4 | |a Aflatoxíny |2 slo | |
| 650 | 4 | |a Aspergillus flavus |2 slo | |
| 650 | 4 | |a Aspergillus parasiticus |2 slo | |
| 650 | 4 | |a prevencia |2 slo | |
| 650 | 4 | |a eliminácia |2 slo | |
| 650 | 4 | |a bezpečnosť potravín |2 slo | |
| 650 | 4 | |a Aflatoxins |2 eng | |
| 650 | 4 | |a Aspergillus flavus |2 eng | |
| 650 | 4 | |a Aspergillus parasiticus |2 eng | |
| 650 | 4 | |a prevention |2 eng | |
| 650 | 4 | |a elimination |2 eng | |
| 650 | 4 | |a food safety |2 eng | |
| 700 | 1 | |a Šimko, Peter |u 040250 |k Z1 |4 ths |U FCHPT Ústav potravinárstva a výživy |T FCHPT Oddelenie potravinárskej technológie |X 5101 |U C0250 |Y 685 |7 A0000005101 | |
| 856 | 4 | |u http://is.stuba.sk/zp/portal_zp.pl?podrobnosti=132736 | |